000 00331nam a22001457a 4500
008 210511b ||||| |||| 00| 0 eng d
020 _a9780470026960
041 _aeng
080 _a33
082 _a33
100 _a56
101 _aBIZ
245 _aCFO Insights Delivering High Performance
_cSutcliff,M.R
942 _2udc
_cBK
999 _c57188
_d57188